| 000 | 00995njm a2200289Ia 4500 | ||
|---|---|---|---|
| 001 | 26834 | ||
| 003 | IT-RoPAU | ||
| 005 | 20220918181131.0 | ||
| 008 | 131025s9999 xx 000 0 und d | ||
| 040 | _aIT-RoPAU | ||
| 040 | _cIT-RoPAU | ||
| 041 | _aINGLESE | ||
| 999 |
_c100619 _d100619 |
||
| 999 | _bn.d. | ||
| 100 |
_aJones Grace _916982 |
||
| 100 |
_eAutore musica _916983 |
||
| 100 |
_gCodice autore musica SPICS: 10054 _916984 |
||
| 245 | _aSlave To the Rhythm | ||
| 250 | _a1a ed. | ||
| 260 | _aMILANO | ||
| 260 |
_bEMI ITALIANA _c1985 [1a Ed.:1985 - Ed. Lingua Orig.: 1985] |
||
| 300 | _aDISCO | ||
| 500 | _aMusica pop | ||
| 505 | _aJones the Rhyrhm - The Fashion Show - The Frog And The Princess - Operattack - Slave To the Rhythm - The Crossing (Ooh the Action) - Don't Cry - It's Only the Rhyrhm - Ladies & Gentleman; Miss Grace Jones | ||
| 650 |
_aPOP [DISCHI] _eCodice MATERIA SPICS: 9950 _91001 |
||
| 700 |
_aJones Grace _gCodice interprete SPICS: 10054 _eInterprete _916985 |
||
| 942 |
_cMD _2ddc |
||